Fabric of freedom 1763-1800 (Record no. 184305)

MARC details
000 -LEADER
fixed length control field 00353nam a2200145Ia 4500
008 - FIXED-LENGTH DATA ELEMENTS--GENERAL INFORMATION
fixed length control field 230917s9999||||xx |||||||||||||| ||und||
040 ## - CATALOGING SOURCE
-- 97173
Original cataloging agency VIVEKANANDA LIBRARY
041 ## - Language
-- English
082 ## - DDC NUMBER
Classification number 973.3 W931F
100 ## - MAIN ENTRY--PERSONAL NAME
Personal name Wright, Esmond
245 #0 - TITLE STATEMENT
Title Fabric of freedom 1763-1800
260 ## - PUBLICATION, DISTRIBUTION, ETC. (IMPRINT)
Place of publication, distribution, etc London
Name of publisher, distributor, etc Macmillan
Date of publication, distribution, etc 1965
300 ## - PHYSICAL DESCRIPTION
Pages xiii, 298 p.
942 ## - ADDED ENTRY ELEMENTS (KOHA)
Koha item type Books
Holdings
Withdrawn status Lost status Damaged status Not for loan Location (home branch) Sublocation or collection (holding branch) Date acquired Koha issues (times borrowed) Koha full call number Accession No. Koha date last seen Koha item type
        VIVEKANANDA LIBRARY VIVEKANANDA LIBRARY 01/09/2003   973.3 W931F 3957 17/09/2023 Books
© Designed and Maintained by Vivekananda Library, MDU Rohtak